NBA players who led their team in scoring most often (24/25 season) - Statistics

General Stats
  • This quiz has been taken 49 times
  • The average score is 15 of 20
Answer Stats
# of games Player % Correct
62 Shai Gilgeous-Alexander
100%
31 Luka Doncic
98%
44 Nikola Jokic
98%
32 Jalen Brunson
88%
52 Anthony Edwards
85%
51 Giannis Antetokounmpo
85%
39 Stephen Curry
85%
42 Jayson Tatum
83%
40 Devin Booker
80%
30 James Harden
78%
31 Victor Wembanyama
73%
32 Jalen Green
71%
41 Trae Young
66%
47 Cade Cunningham
61%
31 Donovan Mitchell
61%
38 Tyler Herro
61%
31 Tyrese Maxey
59%
35 Zach Lavine
56%
30 Jordan Poole
44%
31 Franz Wagner
41%
No matching quizzes found
Score Distribution
Percent of People with Each Score
Percentile by Number Answered
Your Score History
You have not taken this quiz